000 00593cam a2200169 4500
001 ABS61132
008 000000n1999 000 0 eng u
035 _a(Sirsi) u101697
100 _aCannon, J.
245 _aGrowth for construction in 2000.
260 _c1999
490 _aBuilding Intelligence
_vAugust 1999, 4-5(2)
520 _aPresents the conclusions of the Euroconstruct conference held in Prague in June 1999. Experts predicted a positive start to the millennium for European construction companies.
650 _aBUILT ENVIRONMENT
690 _aOVERSEAS-EUROPE
942 _n0
999 _c60822
_d60822